Sticks and Stones and Other Student Essays. (Record no. 10205)

000 -LEADER
fixed length control field 00550nam a22001817a 4500
008 - FIXED-LENGTH DATA ELEMENTS--GENERAL INFORMATION
fixed length control field 151203b xxu||||| |||| 00| 0 eng d
020 ## - INTERNATIONAL STANDARD BOOK NUMBER
International Standard Book Number 0312596227
050 ## - LIBRARY OF CONGRESS CALL NUMBER
Classification number PS 683 C6 2011
100 ## - MAIN ENTRY--PERSONAL NAME
Personal name Axelrod Rise B.
Dates associated with a name 2011.
245 ## - TITLE STATEMENT
Title Sticks and Stones and Other Student Essays.
Statement of responsibility, etc. Rise B. Axelrod
250 ## - EDITION STATEMENT
Edition statement 7th ed.
260 ## - PUBLICATION, DISTRIBUTION, ETC. (IMPRINT)
Place of publication, distribution, etc. Boston,
Name of publisher, distributor, etc. Bedford/St.Martins'
Date of publication, distribution, etc. 2011.
300 ## - PHYSICAL DESCRIPTION
Extent xii, 218p.
Dimensions 26cm
650 ## - SUBJECT ADDED ENTRY--TOPICAL TERM
Topical term or geographic name as entry element America Essays
650 ## - SUBJECT ADDED ENTRY--TOPICAL TERM
Topical term or geographic name as entry element College readers
700 ## - ADDED ENTRY--PERSONAL NAME
Personal name Cooper Charles R.
942 ## - ADDED ENTRY ELEMENTS (KOHA)
Source of classification or shelving scheme
Koha item type Hard Covered Materials
Classification part PS 683 C6 2011
Holdings
Withdrawn status Lost status Source of classification or shelving scheme Damaged status Not for loan Home library Current library Date acquired Source of acquisition Total Checkouts Full call number Barcode Date last seen Price effective from Koha item type
          MACHAKOS UNIVERSITY LIBRARY MACHAKOS UNIVERSITY LIBRARY 03/12/2015 DONATION (BFA)   PS 683 C6 2011 19976 03/06/2019 03/12/2015 Hard Covered Materials
© Machakos University Library, Along The Highway, Machakos Wote Rd, Machakos, Kenya P.O. Box 136 - 90100 Machakos - Kenya

Tel: ( +254 ) 723 805829 OR Fax : 044-20353 OR Email: library@mksu.ac.ke